[Event "Turniej open"]
[Site "?"]
[Date "2011.08.06"]
[Round "4.5"]
[White "Walczak, Krystian"]
[Black "Cartier, Nicolas"]
[Result "1-0"]
[WhiteElo "1981"]
[BlackElo "2076"]
[PlyCount "91"]
[EventDate "2011.??.??"]

1. e4 c5 2. Nc3 Nc6 3. g3 g6 4. d3 Bg7 5. Bg2 e6 6. Be3 d6 7. f4 Nge7 8. Nf3
O-O 9. O-O Rb8 10. Qd2 Nd4 11. Rae1 b5 12. Nd1 b4 13. Nh4 f5 14. c3 bxc3 15.
bxc3 Ndc6 16. h3 Qa5 17. g4 Kh8 18. Qc2 d5 19. gxf5 gxf5 20. exf5 exf5 21. Bd2
Qd8 22. Nf3 Ng6 23. Bc1 Qd6 24. Qd2 Bd7 25. d4 cxd4 26. cxd4 Nxd4 27. Nxd4 Qc5
28. Kh1 Bxd4 29. Ba3 Qb6 30. Bxf8 Rxf8 31. Bxd5 Bb5 32. Rf3 Nh4 33. Rb3 Bc6 34.
Bxc6 Qxc6+ 35. Kh2 Rd8 36. Qe2 Rg8 37. Rg3 Rd8 38. Qe7 Bf6 39. Qe2 Ng6 40. Rf3
Nxf4 41. Rxf4 Qc7 42. Kg3 Bh4+ 43. Kxh4 Qxf4+ 44. Kh5 Rd6 45. Qe8+ Kg7 46. Re7+
1-0

[Event "Turniej open"]
[Site "?"]
[Date "2011.08.06"]
[Round "5.6"]
[White "Maruszczak, Joanna"]
[Black "Bugalski, Michal"]
[Result "0-1"]
[WhiteElo "1735"]
[BlackElo "2240"]
[PlyCount "87"]
[EventDate "2011.??.??"]

1. e4 e6 2. Nf3 d5 3. Nc3 Nf6 4. e5 Nfd7 5. d4 a6 6. Bg5 Be7 7. Bxe7 Qxe7 8.
Bd3 c5 9. dxc5 Nc6 10. Qe2 Nxc5 11. O-O b5 12. a3 Bb7 13. Rfe1 O-O 14. Qe3 Nxd3
15. cxd3 Rfd8 16. Ne2 b4 17. Ned4 a5 18. a4 Qd7 19. b3 Ne7 20. Rac1 Rac8 21.
Rxc8 Rxc8 22. Rc1 Ba6 23. Rxc8+ Qxc8 24. Qd2 Qc5 25. Qc2 Qxc2 26. Nxc2 Bxd3 27.
Ncd4 Kf8 28. Ne1 Ba6 29. f4 Ke8 30. Kf2 Kd7 31. Ke3 f6 32. Nef3 Bf1 33. Kf2 Bd3
34. Ke3 Be4 35. Ne2 Bxf3 36. gxf3 Nc6 37. exf6 gxf6 38. h3 Kd6 39. Kd3 e5 40.
f5 Ke7 41. f4 Kd6 42. Ke3 Nb8 43. Nc1 Nd7 44. Nd3 0-1

[Event "Turniej open"]
[Site "Ostroda"]
[Date "2011.08.06"]
[Round "4.7"]
[White "Vorobyov, Yrij"]
[Black "Gorniewicz, Oskar"]
[Result "0-1"]
[WhiteElo "2210"]
[BlackElo "1914"]
[PlyCount "82"]
[EventDate "2011.??.??"]

1. Nf3 g6 2. e4 d6 3. d4 Nf6 4. Bd3 c5 5. c3 cxd4 6. cxd4 Bg7 7. O-O O-O 8. h3
Nc6 9. Nc3 Qb6 10. Na4 Qc7 11. Be3 Bd7 12. a3 b5 13. Nc3 b4 14. axb4 Nxb4 15.
Be2 Qb7 16. Nd2 d5 17. e5 Ne4 18. Nb3 Bf5 19. Nxe4 dxe4 20. Nc5 Qd5 21. g4 Bc8
22. f3 f5 23. exf6 exf6 24. fxe4 Qd6 25. Kg2 Kh8 26. Bf3 Rb8 27. Rxa7 Nc6 28.
Ra2 Rb4 29. d5 Ne5 30. Nd3 Nxd3 31. Qxd3 Re8 32. Rc1 Qb8 33. Qd2 f5 34. exf5
gxf5 35. g5 f4 36. Bc5 Rb3 37. Bd4 Bxh3+ 38. Kf2 Ree3 39. Bxg7+ Kxg7 40. Qd4+
Kg8 41. Be4 Rxe4 0-1

[Event "Turniej open"]
[Site "Ostroda"]
[Date "2011.08.06"]
[Round "4.8"]
[White "Snihur, Piotr"]
[Black "Zielinski, Stanislaw"]
[Result "0-1"]
[WhiteElo "1860"]
[BlackElo "2155"]
[PlyCount "132"]
[EventDate "2011.??.??"]

1. e4 e5 2. Nf3 Nc6 3. Bb5 a6 4. Ba4 Nf6 5. O-O Nxe4 6. Re1 Nc5 7. Bxc6 dxc6 8.
Nxe5 Be7 9. d4 Ne6 10. Be3 O-O 11. Nc3 Bf6 12. Ne4 Bxe5 13. dxe5 Qd5 14. Qxd5
cxd5 15. Nc5 Nd8 16. Rad1 b6 17. Na4 Bf5 18. Re2 b5 19. Nc5 c6 20. Bd4 Re8 21.
Rde1 a5 22. f3 Ne6 23. Nxe6 fxe6 24. h4 h5 25. a3 b4 26. Bc5 bxa3 27. Bxa3 Rab8
28. c3 Rb5 29. Bd6 c5 30. Rd2 Rc8 31. Ree2 a4 32. Re1 a3 33. b4 cxb4 34. Bxb4
Rc4 35. Bxa3 Rxh4 36. Rd4 Rxd4 37. cxd4 Rb3 38. Bc1 Rd3 39. Be3 Kf7 40. Kf2 Rb3
41. Bd2 Kg6 42. Rg1 Ra3 43. g3 Bd3 44. Rc1 Bc4 45. Rc3 Ra2 46. Ke3 Kf5 47. Rc1
g5 48. Rh1 Ra3+ 49. Kf2 Kg6 50. Rh2 Bd3 51. Rh1 Bf5 52. Rh2 g4 53. fxg4 Bxg4
54. Bf4 Ra2+ 55. Kg1 Ra1+ 56. Kf2 Kf5 57. Bd2 Ke4 58. Bc3 Ra3 59. Bb2 Rb3 60.
Ba1 Rb1 61. Bc3 Kd3 62. Ba5 Kxd4 63. Bc7 Ke4 64. Rg2 Bf3 65. Rg1 Rb2+ 66. Ke1
Ke3 0-1

[Event "Turniej open"]
[Site "Ostroda"]
[Date "2011.08.06"]
[Round "4.9"]
[White "Ciesielski, Tomasz"]
[Black "Gorecka, Joanna"]
[Result "0-1"]
[WhiteElo "1858"]
[BlackElo "2113"]
[PlyCount "92"]
[EventDate "2011.??.??"]

1. e4 c5 2. d4 cxd4 3. c3 Nf6 4. e5 Nd5 5. Nf3 Nc6 6. cxd4 e6 7. Nc3 Nxc3 8.
bxc3 d6 9. Bf4 Be7 10. Bd3 dxe5 11. Nxe5 Nxe5 12. Bxe5 Bf6 13. Bg3 O-O 14. O-O
Bd7 15. Be4 Bc6 16. Bxc6 bxc6 17. Qa4 Qd5 18. Rab1 h6 19. Qa6 Rac8 20. Rb7 c5
21. Qxa7 cxd4 22. cxd4 Bxd4 23. Qa6 Ra8 24. Qb5 Qxb5 25. Rxb5 Rxa2 26. Rd1 Rc8
27. Rbb1 e5 28. Rf1 f5 29. Rfd1 f4 30. Rxd4 exd4 31. Bxf4 d3 32. Kf1 Rd8 33.
Rd1 Kf7 34. g3 Ke6 35. Kg2 Kf5 36. Kf3 g5 37. g4+ Ke6 38. Be3 Ke5 39. Rb1 Rf8+
40. Kg3 Ra5 41. h4 gxh4+ 42. Kxh4 Ke4 43. Rb4+ Kf3 44. Rd4 Ke2 45. Kg3 Rf3+ 46.
Kh4 Rxe3 0-1

[Event "Turniej open"]
[Site "Ostroda"]
[Date "2011.08.06"]
[Round "4.10"]
[White "Siwon, Zbigniew"]
[Black "Tvarijonas, Tomas"]
[Result "0-1"]
[WhiteElo "1821"]
[BlackElo "1992"]
[PlyCount "104"]
[EventDate "2011.??.??"]

1. d4 d5 2. c4 c6 3. cxd5 cxd5 4. Nc3 Nf6 5. Bf4 Nc6 6. e3 Qa5 7. Bd3 e6 8.
Nge2 Be7 9. O-O Nh5 10. Rc1 Nxf4 11. Nxf4 g6 12. a3 O-O 13. g3 Rd8 14. h4 a6
15. Be2 Qc7 16. Nd3 Bd6 17. f4 Qe7 18. Bf3 Na5 19. Qe2 Nb3 20. Rc2 Bd7 21. Ne5
Be8 22. Qg2 Rac8 23. Bd1 Na5 24. h5 Bxe5 25. fxe5 Nc4 26. Qf2 Qg5 27. hxg6 hxg6
28. Re2 Nxb2 29. Rxb2 Rxc3 30. Rxb7 Rxe3 31. g4 Rxa3 32. Rxf7 Bxf7 33. Qxf7+
Kh8 34. Rf2 Rh3 35. Qf6+ Qxf6 36. exf6 Rd3 37. Be2 Rxd4 38. Rh2+ Kg8 39. Rh6 g5
40. Rg6+ Kf7 41. Rxg5 Kxf6 42. Rh5 a5 43. Kf2 a4 44. Rh6+ Ke5 45. g5 a3 46. g6
a2 47. Rh1 Rg8 48. Ra1 Ra4 49. Bh5 Ra3 50. Kg2 d4 51. Re1+ Kd6 52. Bg4 Rxg6 0-1

[Event "Turniej open"]
[Site "Ostroda"]
[Date "2011.08.08"]
[Round "5.1"]
[White "Lewandowski, Krzysztof"]
[Black "Zielinski, Wojciech"]
[Result "1-0"]
[WhiteElo "2140"]
[BlackElo "2097"]
[PlyCount "69"]
[EventDate "2011.??.??"]

1. d4 e6 2. c4 Nf6 3. Nf3 d5 4. Nc3 Be7 5. e3 O-O 6. Bd3 Re8 7. O-O c5 8. b3
cxd4 9. exd4 dxc4 10. bxc4 b6 11. Bb2 Bb7 12. Rc1 Nc6 13. Qe2 Nb4 14. Bb1 Bxf3
15. gxf3 Qc7 16. a3 Nc6 17. Ne4 Nh5 18. d5 Na5 19. Qc2 f5 20. Ng3 Nxg3 21. hxg3
Bc5 22. Kg2 Re7 23. dxe6 Rf8 24. Rcd1 Rxe6 25. Rd5 Qf7 26. Qc3 f4 27. Rh1 Rg6
28. Bxg6 hxg6 29. Rxc5 bxc5 30. Qxa5 fxg3 31. Qc3 Re8 32. Kxg3 Rf8 33. Rh4 Qc7+
34. Qe5 Qb6 35. Qxg7# 1-0

[Event "Turniej open"]
[Site "Ostroda"]
[Date "2011.08.08"]
[Round "5.2"]
[White "Kobus, Sebastian"]
[Black "Walczak, Krystian"]
[Result "1/2-1/2"]
[WhiteElo "2104"]
[BlackElo "1981"]
[PlyCount "113"]
[EventDate "2011.??.??"]

1. e4 c5 2. Nf3 d6 3. d4 cxd4 4. Nxd4 Nf6 5. Nc3 g6 6. Bc4 Nc6 7. Be3 Bg7 8. f3
O-O 9. Qd2 Bd7 10. O-O-O Rc8 11. Bb3 Ne5 12. Bh6 Nc4 13. Bxc4 Rxc4 14. Bxg7
Kxg7 15. g4 Qa5 16. Nb3 Qc7 17. e5 Ne8 18. Nd5 Qd8 19. h4 h6 20. Ne3 Rc8 21. f4
Bc6 22. Rhg1 Qb6 23. g5 h5 24. f5 Be4 25. f6+ exf6 26. exf6+ Kg8 27. Nd5 Rxc2+
28. Qxc2 Bxd5 29. Rg3 Be6 30. Nd4 Bg4 31. Rd2 Nc7 32. Qb3 Qa6 33. Rg1 Ne6 34.
Kb1 Qa5 35. Qc3 Qb6 36. Rc1 Nc5 37. Qe3 Qb4 38. Nc2 Bf5 39. Qd4 Qb5 40. Ka1 Rc8
41. Qb4 Qxb4 42. Nxb4 Nb3+ 43. axb3 Rxc1+ 44. Ka2 a5 45. Nd5 Bb1+ 46. Ka3 Bc2
47. Ka4 Ra1+ 48. Kb5 Bxb3 49. Ne7+ Kh7 50. Rxd6 a4 51. Rd8 Rb1 52. Rg8 Rxb2 53.
Rg7+ Kh8 54. Rg8+ Kh7 55. Rg7+ Kh8 56. Rg8+ Kh7 57. Rg7+ 1/2-1/2

[Event "Turniej open"]
[Site "Ostroda"]
[Date "2011.08.08"]
[Round "5.3"]
[White "Bugalski, Michal"]
[Black "Szewczak, Andrzej"]
[Result "1-0"]
[WhiteElo "2240"]
[BlackElo "2005"]
[PlyCount "77"]
[EventDate "2011.??.??"]

1. e4 e6 2. d4 d5 3. Nd2 c5 4. exd5 Qxd5 5. Ngf3 cxd4 6. Bc4 Qc5 7. Qe2 Nf6 8.
O-O a6 9. Nb3 Qc7 10. Nbxd4 Be7 11. Re1 O-O 12. Bg5 b5 13. Bb3 h6 14. Bh4 Nc6
15. Nxc6 Qxc6 16. Ne5 Qb6 17. a4 Rb8 18. axb5 axb5 19. Qf3 Bb7 20. Qh3 Bc8 21.
Qf3 Bb7 22. Qe2 Rbd8 23. Rad1 Rxd1 24. Rxd1 g5 25. Bg3 Ne4 26. c3 Nxg3 27. hxg3
Kg7 28. Bc2 Bc8 29. Nd7 Bxd7 30. Rxd7 Re8 31. Qd3 f5 32. g4 Kf6 33. gxf5 e5 34.
Qd5 b4 35. Bb3 Rf8 36. Rc7 Qxc7 37. Qe6+ Kg7 38. Qg6+ Kh8 39. Qxh6# 1-0

[Event "Turniej open"]
[Site "Ostroda"]
[Date "2011.08.08"]
[Round "5.5"]
[White "Zielinski, Stanislaw"]
[Black "Worobiej, Daniel"]
[Result "1-0"]
[WhiteElo "2155"]
[BlackElo "1796"]
[PlyCount "57"]
[EventDate "2011.??.??"]

1. e4 g6 2. d4 Bg7 3. c3 d6 4. Bd3 Nf6 5. Ne2 O-O 6. O-O c5 7. h3 c4 8. Bc2 e5
9. Be3 Nbd7 10. Nd2 Qc7 11. f4 exd4 12. cxd4 b5 13. a3 Bb7 14. Nc3 a6 15. Qe1
Rae8 16. Qf2 Kh8 17. Rae1 Ng8 18. f5 gxf5 19. Qxf5 Ne7 20. Qf2 f5 21. exf5 Nd5
22. Nxd5 Bxd5 23. Nf3 c3 24. b3 Qb6 25. Kh1 Nf6 26. Ng5 Bh6 27. Qh4 Bxg5 28.
Bxg5 Nd7 29. f6 1-0

[Event "Turniej open"]
[Site "Ostroda"]
[Date "2011.08.08"]
[Round "5.6"]
[White "Gorecka, Joanna"]
[Black "Grota, Mateusz"]
[Result "1-0"]
[WhiteElo "2113"]
[BlackElo "1795"]
[PlyCount "51"]
[EventDate "2011.??.??"]

1. e4 e5 2. Nf3 Nc6 3. Bb5 a6 4. Ba4 Nf6 5. O-O Be7 6. Re1 d6 7. c3 O-O 8. h3
b5 9. Bc2 Bb7 10. d3 Qd7 11. Nbd2 Ne8 12. Nf1 Nd8 13. d4 exd4 14. cxd4 f6 15.
Ng3 g6 16. h4 Ng7 17. h5 Nf7 18. hxg6 hxg6 19. Nh4 Kh7 20. Nxg6 Kxg6 21. e5+ f5
22. Bxf5+ Nxf5 23. Qh5+ Kg7 24. Nxf5+ Kg8 25. Qg6+ Kh8 26. Qg7# 1-0

[Event "Turniej open"]
[Site "Ostroda"]
[Date "2011.08.08"]
[Round "5.8"]
[White "Smieszek, Wojciech"]
[Black "Reza, Wojciech"]
[Result "0-1"]
[WhiteElo "1786"]
[BlackElo "2026"]
[PlyCount "88"]
[EventDate "2011.??.??"]

1. e4 c5 2. Nf3 Nc6 3. d4 cxd4 4. Nxd4 e5 5. Nb5 Nf6 6. N1c3 d6 7. Bg5 a6 8.
Na3 Be6 9. Bxf6 gxf6 10. Nd5 f5 11. Bd3 f4 12. c3 Bg7 13. Be2 Ne7 14. Nxe7 Qxe7
15. Bc4 O-O 16. Bd5 Rac8 17. c4 Kh8 18. Qd2 f5 19. f3 fxe4 20. fxe4 Bg4 21. h3
Bh5 22. O-O Rf6 23. Nc2 Rg6 24. Ne1 Rc7 25. Nf3 Bf6 26. b4 Bh4 27. a4 Bg3 28.
b5 Rh6 29. Rac1 Be8 30. b6 Rc5 31. Qe2 Bxa4 32. Ra1 Bc6 33. Rfb1 Qd8 34. Nd2
Bxd5 35. exd5 Rg6 36. Ne4 Rc8 37. Ra5 Bh4 38. Ra4 Qd7 39. Ra3 Rcg8 40. g4 h5
41. c5 dxc5 42. Nxc5 Qxd5 43. Nd3 Bf6 44. Rc3 Qd4+ 0-1

[Event "Turniej open"]
[Site "Ostroda"]
[Date "2011.08.08"]
[Round "5.9"]
[White "Cartier, Nicolas"]
[Black "Uscinski, Marek"]
[Result "0-1"]
[WhiteElo "2076"]
[BlackElo "1882"]
[PlyCount "68"]
[EventDate "2011.??.??"]

1. e4 e5 2. Nf3 Nf6 3. Nc3 Nc6 4. Bb5 Bc5 5. d3 h6 6. O-O d6 7. d4 exd4 8. Nxd4
Bd7 9. Nf5 Bxf5 10. exf5 O-O 11. Re1 Re8 12. Rxe8+ Qxe8 13. Bf4 a6 14. Bd3 Qd7
15. Qf3 d5 16. Na4 Bd6 17. Bxd6 Qxd6 18. Rd1 Qb4 19. Nc3 Ne5 20. Qg3 Nxd3 21.
Qxd3 c6 22. b3 Re8 23. h3 Kf8 24. a4 Ne4 25. Ne2 Qc5 26. Rf1 Re5 27. g4 h5 28.
Kg2 Nf6 29. g5 Ne4 30. Nd4 Nxg5 31. b4 Qe7 32. h4 Nh7 33. Qf3 Re4 34. Qxh5 Rxh4
0-1

[Event "Turniej open"]
[Site "Ostroda"]
[Date "2011.08.08"]
[Round "5.10"]
[White "Maruszczak, Joanna"]
[Black "Szmidt, Przemyslaw"]
[Result "1/2-1/2"]
[WhiteElo "1735"]
[BlackElo "2015"]
[PlyCount "30"]
[EventDate "2011.??.??"]

1. e4 c5 2. Nf3 d6 3. d4 cxd4 4. Nxd4 Nf6 5. Nc3 a6 6. Bg5 Nbd7 7. f4 h6 8.
Bxf6 Nxf6 9. Qd2 e6 10. O-O-O Be7 11. Kb1 Qc7 12. Be2 Bd7 13. g4 Bc6 14. Bf3
Nd7 15. h4 O-O-O 1/2-1/2

[Event "Turniej open"]
[Site "Ostroda"]
[Date "2011.08.08"]
[Round "6.1"]
[White "Lewandowski, Krzysztof"]
[Black "Kobus, Sebastian"]
[Result "1/2-1/2"]
[WhiteElo "2140"]
[BlackElo "2104"]
[PlyCount "115"]
[EventDate "2011.??.??"]

1. d4 g6 2. c4 Bg7 3. Nc3 Nf6 4. e4 d6 5. f3 O-O 6. Be3 Nbd7 7. Qd2 e5 8. d5 a5
9. Bd3 Nc5 10. Bc2 Bd7 11. Nge2 Ne8 12. O-O f5 13. exf5 Bxf5 14. Bxf5 gxf5 15.
Rab1 Qf6 16. b3 Qg6 17. Kh1 Nf6 18. g3 Rf7 19. a3 Nh5 20. b4 axb4 21. axb4 Nd7
22. Ra1 Rxa1 23. Rxa1 e4 24. f4 Qg4 25. Bd4 Nb6 26. Bxg7 Rxg7 27. Qd4 Qf3+ 28.
Kg1 Qd3 29. Qxd3 exd3 30. Nd4 Nxc4 31. Ra8+ Kf7 32. Nxf5 Rg6 33. Rc8 Nxf4 34.
Rxc7+ Kf6 35. Rxc4 Ne2+ 36. Nxe2 dxe2 37. Kf2 Kxf5 38. Rc7 Rh6 39. h4 Ke5 40.
Kxe2 Kxd5 41. Rxb7 Ke4 42. b5 d5 43. b6 Kd4 44. Rc7 Re6+ 45. Kf3 Rf6+ 46. Kg2
Rxb6 47. Rxh7 Ke4 48. Rd7 d4 49. Kh3 Rb5 50. Kg4 d3 51. Rf7 d2 52. Rf1 Rb8 53.
h5 Rg8+ 54. Kh4 Rd8 55. Rd1 Kf3 56. h6 Rd4+ 57. Kh5 Rd5+ 58. Kg6 1/2-1/2

[Event "Turniej open"]
[Site "Ostroda"]
[Date "2011.08.08"]
[Round "6.2"]
[White "Gorecka, Joanna"]
[Black "Bugalski, Michal"]
[Result "1/2-1/2"]
[WhiteElo "2113"]
[BlackElo "2240"]
[PlyCount "59"]
[EventDate "2011.??.??"]

1. e4 e6 2. d4 d5 3. Nc3 Bb4 4. Nge2 dxe4 5. a3 Bxc3+ 6. Nxc3 Nf6 7. Bg5 h6 8.
Bxf6 Qxf6 9. Nxe4 Qe7 10. Bd3 O-O 11. O-O Nd7 12. Re1 b6 13. Qe2 Bb7 14. Rad1
Rfd8 15. c3 c5 16. dxc5 Nxc5 17. Nxc5 Qxc5 18. Be4 Bxe4 19. Qxe4 Rac8 20. h3 b5
21. Rd3 Qc4 22. Rxd8+ Rxd8 23. Qxc4 bxc4 24. Re4 Rd1+ 25. Kh2 Rd2 26. Kg3 Rxb2
27. Rxc4 Rb3 28. a4 Ra3 29. f3 a5 30. Kf4 1/2-1/2

[Event "Turniej open"]
[Site "Ostroda"]
[Date "2011.08.08"]
[Round "6.3"]
[White "Reza, Wojciech"]
[Black "Budrewicz, Krzysztof"]
[Result "0-1"]
[WhiteElo "2026"]
[BlackElo "2194"]
[PlyCount "72"]
[EventDate "2011.??.??"]

1. d4 d5 2. Nf3 c6 3. g3 Nf6 4. Bg2 Bg4 5. O-O Nbd7 6. b3 e6 7. Bb2 Be7 8. Ne5
Nxe5 9. dxe5 Nd7 10. Nd2 Qc7 11. f4 Qb6+ 12. Kh1 h5 13. h4 O-O-O 14. Qe1 Qe3
15. Nf3 Qb6 16. e4 Bb4 17. Bc3 Bxc3 18. Qxc3 Nc5 19. Ng5 d4 20. Qd2 Rd7 21.
Rae1 f6 22. exf6 gxf6 23. Nh3 Rg8 24. Kh2 d3 25. Re3 dxc2 26. Qxc2 Rgd8 27. Nf2
Rd2 28. Qb1 Be2 29. Re1 Ba6 30. Rf3 Qb4 31. Kg1 Rxa2 32. Qxa2 Qxe1+ 33. Kh2 Rd2
34. Qa5 Nxe4 35. Qxh5 Nxf2 36. Qe8+ Rd8 0-1

[Event "Turniej open"]
[Site "Ostroda"]
[Date "2011.08.08"]
[Round "6.4"]
[White "Walczak, Krystian"]
[Black "Zielinski, Stanislaw"]
[Result "1-0"]
[WhiteElo "1981"]
[BlackElo "2155"]
[PlyCount "59"]
[EventDate "2011.??.??"]

1. b3 e5 2. Bb2 Nc6 3. e3 d5 4. f4 exf4 5. exf4 Nf6 6. Nf3 Be7 7. Be2 O-O 8.
O-O Ne4 9. d3 Bc5+ 10. d4 Bd6 11. Ne5 f6 12. Nd3 Ne7 13. Bf3 Re8 14. Nd2 Bf5
15. Re1 Nxd2 16. Qxd2 Bxd3 17. cxd3 Qd7 18. Bc3 Qf5 19. g4 Qd7 20. f5 h5 21.
Qg2 c6 22. Re6 Kf8 23. Rae1 Ng8 24. gxh5 Rxe6 25. fxe6 Qc7 26. Qg6 Bxh2+ 27.
Kh1 Bd6 28. Bd2 f5 29. h6 f4 30. h7 1-0

[Event "Turniej open"]
[Site "Ostroda"]
[Date "2011.08.08"]
[Round "6.5"]
[White "Uscinski, Marek"]
[Black "Gorniewicz, Oskar"]
[Result "1-0"]
[WhiteElo "1882"]
[BlackElo "1914"]
[PlyCount "87"]
[EventDate "2011.??.??"]

1. Nf3 g6 2. d4 Bg7 3. c4 c5 4. Nc3 cxd4 5. Nxd4 Nc6 6. e3 Nf6 7. Be2 O-O 8.
O-O d6 9. b3 h5 10. Bb2 Bg4 11. h3 Bxe2 12. Qxe2 a6 13. Rfd1 e5 14. Nxc6 bxc6
15. Ba3 c5 16. Bxc5 Qa5 17. b4 Qa3 18. Nb1 Qa4 19. Bxd6 Rfe8 20. Nc3 Qc6 21. e4
Rad8 22. c5 Re6 23. Nd5 Qb7 24. Qc4 Ne8 25. Ne3 Nxd6 26. Rxd6 Rexd6 27. cxd6
Rxd6 28. Nd5 Kh7 29. Rc1 f5 30. f3 fxe4 31. fxe4 Qf7 32. a4 Bh6 33. Qc7 Kg7 34.
Qxd6 Bxc1 35. Qxa6 Bb2 36. Qe2 Bd4+ 37. Kh2 Qd7 38. b5 Qa7 39. Qf1 Qxa4 40.
Qf6+ Kh7 41. Ne7 Bg1+ 42. Kxg1 Qxe4 43. Qxg6+ Kh8 44. Qg8# 1-0

[Event "Turniej open"]
[Site "Ostroda"]
[Date "2011.08.08"]
[Round "6.7"]
[White "Worobiej, Daniel"]
[Black "Vorobyov, Yrij"]
[Result "1/2-1/2"]
[WhiteElo "1796"]
[BlackElo "2210"]
[PlyCount "34"]
[EventDate "2011.??.??"]

1. d4 Nf6 2. c4 c5 3. d5 b5 4. cxb5 a6 5. b6 Qxb6 6. Nc3 d6 7. e4 g6 8. Nf3 Bg7
9. Be2 O-O 10. O-O a5 11. a4 Na6 12. Nd2 Nb4 13. Nc4 Qb8 14. f4 Ba6 15. Be3 Ng4
16. Bxg4 Bxc4 17. Be2 Bxe2 1/2-1/2

[Event "Turniej open"]
[Site "Ostroda"]
[Date "2011.08.08"]
[Round "6.8"]
[White "Rak, Tomasz"]
[Black "Bartosik, Piotr"]
[Result "1-0"]
[WhiteElo "2067"]
[BlackElo "1969"]
[PlyCount "97"]
[EventDate "2011.??.??"]

1. d4 Nf6 2. Nf3 g6 3. c4 Bg7 4. Nc3 d6 5. h3 O-O 6. e4 e5 7. d5 Nh5 8. g3 f5
9. exf5 gxf5 10. Bg5 Qe8 11. Be2 f4 12. Nd2 Qg6 13. Nde4 Nf6 14. Bxf6 Bxf6 15.
Bh5 Qh6 16. g4 Be7 17. Qf3 a5 18. O-O-O Na6 19. Rdg1 Kh8 20. g5 Qg7 21. Bg4
Bxg4 22. Rxg4 c6 23. Rh4 Rac8 24. Kb1 Nc5 25. Nxc5 dxc5 26. Rg1 cxd5 27. cxd5
Rf5 28. Ne4 Rd8 29. d6 Bxd6 30. Qg4 Rff8 31. Rh6 Be7 32. Qh5 Rf5 33. Rg4 Qf7
34. Rh4 Qxh5 35. R4xh5 Rd4 36. f3 Rxe4 37. fxe4 Rxg5 38. Rxh7+ Kg8 39. Rxg5+
Bxg5 40. Rxb7 f3 41. Rd7 f2 42. Rd1 Bd2 43. Rf1 Be1 44. Kc2 c4 45. Kd1 Kg7 46.
Rxe1 fxe1=Q+ 47. Kxe1 Kg6 48. Kf2 a4 49. a3 1-0

[Event "Turniej open"]
[Site "Ostroda"]
[Date "2011.08.08"]
[Round "6.9"]
[White "Grota, Mateusz"]
[Black "Mulenko, Alexander"]
[Result "1/2-1/2"]
[WhiteElo "1795"]
[BlackElo "2065"]
[PlyCount "50"]
[EventDate "2011.??.??"]

1. e4 c5 2. Nf3 g6 3. c3 Bg7 4. Be2 Nc6 5. O-O d5 6. d3 e5 7. Nbd2 Nge7 8. Qc2
O-O 9. exd5 Nxd5 10. Nc4 b5 11. Ne3 Nf4 12. Rd1 Nxe2+ 13. Qxe2 a6 14. a4 Rb8
15. Nf1 Re8 16. Be3 Qe7 17. axb5 axb5 18. N1d2 Nd4 19. Bxd4 exd4 20. Qxe7 Rxe7
21. cxd4 cxd4 22. Nb3 Bg4 23. Re1 Rxe1+ 24. Rxe1 Bxf3 25. gxf3 Kf8 1/2-1/2

[Event "Turniej open"]
[Site "Ostroda"]
[Date "2011.08.08"]
[Round "6.10"]
[White "Zielinski, Maciej"]
[Black "Siwon, Zbigniew"]
[Result "1/2-1/2"]
[WhiteElo "2060"]
[BlackElo "1821"]
[PlyCount "84"]
[EventDate "2011.??.??"]

1. e4 c5 2. Nf3 Nc6 3. d4 cxd4 4. Nxd4 Nf6 5. Nc3 e6 6. Ndb5 Bb4 7. a3 Bxc3+ 8.
Nxc3 d5 9. exd5 exd5 10. Bd3 O-O 11. O-O h6 12. Re1 Be6 13. Bf4 a6 14. Bg3 Qb6
15. Qd2 Rfe8 16. Na4 Qd4 17. Qf4 Qxf4 18. Bxf4 Nd7 19. Rad1 g5 20. Bg3 Kg7 21.
h3 f6 22. Rxe6 Rxe6 23. Bf5 Re7 24. Bd6 Rf7 25. Be6 d4 26. Kf1 b5 27. Bxf7 Kxf7
28. Nc5 Nxc5 29. Bxc5 Rd8 30. Ke2 Ke6 31. Kd2 Kd5 32. Bb6 Rb8 33. Bc7 Rb7 34.
Bg3 Ne5 35. c3 dxc3+ 36. Kxc3+ Ke6 37. Bxe5 Kxe5 38. Rd8 Rb6 39. Rh8 f5 40.
Re8+ Kd5 41. Rd8+ Ke5 42. Re8+ Kd5 1/2-1/2

[Event "Turniej open"]
[Site "Ostroda"]
[Date "2011.08.09"]
[Round "7.1"]
[White "Walczak, Krystian"]
[Black "Lewandowski, Krzysztof"]
[Result "1-0"]
[WhiteElo "1981"]
[BlackElo "2140"]
[PlyCount "83"]
[EventDate "2011.??.??"]

1. e4 Nf6 2. e5 Nd5 3. c4 Nb6 4. d4 d6 5. f4 dxe5 6. fxe5 Nc6 7. Be3 Bf5 8. Nc3
e6 9. Nf3 Be7 10. d5 Nb4 11. Nd4 Bg6 12. a3 c5 13. axb4 cxd4 14. Qxd4 Bxb4 15.
d6 Nd7 16. Be2 Nc5 17. Qg4 Ne4 18. Bd4 h5 19. Qf4 Nc5 20. O-O Nb3 21. Rxa7 Nxd4
22. Qxd4 Rxa7 23. Qxa7 O-O 24. Qxb7 Bc5+ 25. Kh1 Qg5 26. d7 Kh7 27. Qc7 Bd4 28.
Rd1 Bxe5 29. d8=Q Rxd8 30. Qxd8 Qf4 31. g3 Qe3 32. Qd2 Qc5 33. Bf3 h4 34. Ne4
Bxe4 35. Bxe4+ f5 36. Qg5 Bf6 37. Qh5+ Kg8 38. Ra1 Qd4 39. Ra8+ Bd8 40. Qe8+
Kh7 41. Bxf5+ exf5 42. Rxd8 1-0

[Event "Turniej open"]
[Site "Ostroda"]
[Date "2011.08.09"]
[Round "7.3"]
[White "Bugalski, Michal"]
[Black "Zielinski, Wojciech"]
[Result "0-1"]
[WhiteElo "2240"]
[BlackElo "2097"]
[PlyCount "100"]
[EventDate "2011.??.??"]

1. e4 e6 2. d4 d5 3. Nd2 Nf6 4. e5 Nfd7 5. Bd3 c5 6. c3 Nc6 7. Ne2 f6 8. exf6
Nxf6 9. O-O cxd4 10. cxd4 Bd6 11. Nf3 Bd7 12. Bf4 Qc7 13. Bxd6 Qxd6 14. Nc3
O-O-O 15. Bb5 Rdf8 16. Bxc6 Bxc6 17. Ne5 Nd7 18. Re1 Rf5 19. Nxd7 Bxd7 20. Rc1
Kb8 21. Rc2 Rhf8 22. Rce2 Qf4 23. Qd2 Qg4 24. Nd1 Rh5 25. Qb4 Qf4 26. g3 Qf7
27. Qd6+ Ka8 28. Ne3 Bb5 29. Rd2 Bd3 30. Ng4 Be4 31. f4 Rc8 32. Ne5 Qg8 33. h4
h6 34. Nd7 Rc6 35. Qe7 Rf5 36. Ne5 Rc8 37. Re3 g5 38. Ra3 Qf8 39. Qxe6 Rf6 40.
Qd7 gxf4 41. g4 f3 42. Kf2 Rd6 43. Qf7 Qd8 44. Qh5 Qf6 45. Nxf3 Rf8 46. g5 Qf4
47. Re2 Re6 48. Rc3 Qh2+ 49. Ke1 Qxe2+ 50. Kxe2 Bxf3+ 0-1

[Event "Turniej open"]
[Site "Ostroda"]
[Date "2011.08.09"]
[Round "7.4"]
[White "Uscinski, Marek"]
[Black "Gorecka, Joanna"]
[Result "1/2-1/2"]
[WhiteElo "1882"]
[BlackElo "2113"]
[PlyCount "57"]
[EventDate "2011.??.??"]

1. Nf3 Nf6 2. d4 g6 3. Nbd2 Bg7 4. c3 O-O 5. e3 d6 6. Be2 Nbd7 7. O-O e5 8.
dxe5 Nxe5 9. Nxe5 dxe5 10. e4 c6 11. Qc2 Qc7 12. Nb3 Re8 13. h3 b6 14. a4 Be6
15. Nd2 Rad8 16. Nf3 h6 17. Nh2 Nd7 18. Ng4 Bxg4 19. Bxg4 Nc5 20. Be3 Ne6 21.
Rfd1 Qe7 22. Rxd8 Rxd8 23. Rd1 Rxd1+ 24. Qxd1 Nc5 25. Bxc5 Qxc5 26. Qd3 Bf8 27.
b4 Qd6 28. Qxd6 Bxd6 29. Bd7 1/2-1/2

[Event "Turniej open"]
[Site "Ostroda"]
[Date "2011.08.09"]
[Round "7.5"]
[White "Zielinski, Stanislaw"]
[Black "Bukowska, Katarzyna"]
[Result "1-0"]
[WhiteElo "2155"]
[BlackElo "2005"]
[PlyCount "61"]
[EventDate "2011.??.??"]

1. e4 e5 2. Nf3 Nc6 3. d4 exd4 4. Nxd4 Nf6 5. Nc3 Bb4 6. Nxc6 bxc6 7. Bd3 d5 8.
exd5 cxd5 9. O-O O-O 10. Bg5 c6 11. Qf3 Be7 12. h3 Be6 13. Ne2 h6 14. Bf4 c5
15. c3 Bd6 16. Rfe1 Rb8 17. b3 Re8 18. Rad1 a5 19. Ng3 Bxf4 20. Qxf4 Qd7 21.
Re2 Qc6 22. Rde1 Red8 23. Bf5 Bxf5 24. Nxf5 Kh7 25. Re7 Rb7 26. Rxb7 Qxb7 27.
Nxh6 d4 28. Nf5 dxc3 29. Qg5 Rg8 30. Qh4+ Kg6 31. Ne7+ 1-0

[Event "Turniej open"]
[Site "Ostroda"]
[Date "2011.08.09"]
[Round "7.6"]
[White "Tvarijonas, Tomas"]
[Black "Rak, Tomasz"]
[Result "1/2-1/2"]
[WhiteElo "1992"]
[BlackElo "2067"]
[PlyCount "127"]
[EventDate "2011.??.??"]

1. e4 c6 2. d4 d5 3. Nc3 dxe4 4. Nxe4 Nf6 5. Ng3 h5 6. h4 Bg4 7. f3 Be6 8. Nh3
Bxh3 9. Rxh3 Qc7 10. Bc4 Nbd7 11. Qe2 Nb6 12. Bd2 Nbd5 13. O-O-O e6 14. Kb1
O-O-O 15. Ne4 Nf4 16. Bxf4 Qxf4 17. Rhh1 Nd5 18. Bxd5 Rxd5 19. g3 Qc7 20. Ng5
Kb8 21. c4 Rf5 22. f4 Be7 23. Nf3 Rd8 24. Rd3 b5 25. Rb3 Ka8 26. cxb5 Rxb5 27.
Rxb5 cxb5 28. Qxb5 Rb8 29. Qd3 Qb7 30. Rh2 a6 31. Rc2 Bd8 32. Ne5 Bb6 33. Nc4
Bc7 34. Nd2 Bb6 35. Nb3 Qh1+ 36. Rc1 Qb7 37. Rc6 Ka7 38. Qc4 Rd8 39. a4 Kb8 40.
a5 Bxd4 41. Rxa6 Rc8 42. Qd3 Bf2 43. Rd6 Qb4 44. Rd7 Rc7 45. Rxc7 Kxc7 46. Qc2+
Kd7 47. Qxf2 Qxb3 48. Qd4+ Ke7 49. Qc3 Qb5 50. b4 Qe2 51. Qa3 Qe1+ 52. Kb2 Qf2+
53. Ka1 Qe1+ 54. Ka2 Qf2+ 55. Qb2 Qxg3 56. b5 Qxf4 57. a6 Qc4+ 58. Ka3 Kd7 59.
Qd2+ Kc8 60. Qa5 Qc5+ 61. Kb3 Qe3+ 62. Kc4 Qe4+ 63. Kb3 Qb1+ 64. Kc4 1/2-1/2